000 00417nam a2200181Ia 4500
008 151018s9999 xx 000 0 und d
082 _bRBASDV16687
_a824
100 _aN. N. Semenov
245 _aThings to come
250 _b1
260 _bMir pub
_c1977
300 _a271
600 _aN. N. Semenov
630 _aThings to come
700 _aN. N. Semenov
730 _aThings to come
942 _cBOOK
999 _c1017376
_d1017373